Quels pays sont arrivés 2e à l'Eurovision ? - Statistiques

Statistiques générales
  • Ce quiz a été pris 31 fois
    5 depuis la dernière actualisation
  • Le résultat moyen est 63 sur 68
Statistiques - réponses
Édition Pays % Correct
2016 Australie
100%
2013 Azerbaïdjan
100%
1978 Belgique
100%
2003 Belgique
100%
2017 Bulgarie
100%
2018 Chypre
100%
2024 Croatie
100%
1971 Espagne
100%
1973 Espagne
100%
1979 Espagne
100%
1995 Espagne
100%
2023 Finlande
100%
1957 France
100%
1976 France
100%
1991 France
100%
2021 France
100%
1990 France/Irlande
100%
1967 Irlande
100%
1984 Irlande
100%
1997 Irlande
100%
1999 Islande
100%
2009 Islande
100%
1982 Israël
100%
1983 Israël
100%
2025 Israël
100%
2026 Israël
100%
1974 Italie
100%
2011 Italie
100%
2019 Italie
100%
2002 Malte
100%
2005 Malte
100%
1996 Norvège
100%
2014 Pays-Bas
100%
1959 Royaume-Uni
100%
1960 Royaume-Uni
100%
1961 Royaume-Uni
100%
1964 Royaume-Uni
100%
1965 Royaume-Uni
100%
1968 Royaume-Uni
100%
1970 Royaume-Uni
100%
1972 Royaume-Uni
100%
1975 Royaume-Uni
100%
1977 Royaume-Uni
100%
1988 Royaume-Uni
100%
1989 Royaume-Uni
100%
1992 Royaume-Uni
100%
1993 Royaume-Uni
100%
1998 Royaume-Uni
100%
2022 Royaume-Uni
100%
1966 Suède
100%
2010 Turquie
100%
2007 Ukraine
100%
2008 Ukraine
100%
2001 Danemark
80%
1962 Monaco
80%
1994 Pologne
80%
2000 Russie
80%
2006 Russie
80%
2012 Russie
80%
2015 Russie
80%
1980 Allemagne
60%
1981 Allemagne
60%
1985 Allemagne
60%
1987 Allemagne
60%
1958 Suisse
60%
1963 Suisse
60%
1986 Suisse
60%
2004 * Serbie-et-Monténégro
0%
Aucun quiz correspondant
Distribution des résultats
% des personnes avec chaque résultat
Percentile par nombre de réponses
Votre historique - résultats
Vous n’avez pas pris ce quiz depuis la dernière actualisation